[Katalin Szende: Trust, Authority, and the Written Word in the Royal Towns of Medieval Hungary]
| Titel: | [Katalin Szende: Trust, Authority, and the Written Word in the Royal Towns of Medieval Hungary] / Herwig Weigl |
|---|---|
| Verfasser: | |
| In: |
Urban history, Band 46, Heft 4 (2019), Seite 767-768 alle Artikel anzeigen |
| Veröffentlicht: | 2019 |
| Format: | Aufsatz |
| Sprache: | Englisch |
X
alg: 51183884 001A $03025:21-09-23 001B $01999:21-09-23 $t22:40:02.000 001D $03025:21-09-23 001U $0utf8 001X $00 002@ $0Oou 002C $aText $btxt $2rdacontent 002D $aComputermedien $bc $2rdamedia 002E $aOnline-Ressource $bcr $2rdacarrier 003@ $0511838840 007A $0511838840 $aHEB 009Q $uhttps://doi.org/10.1017/S0963926819000695 $xH 010@ $aeng 010E $erda 011@ $a2019 013D $#Newspapers Sections, columns, etc. Reviews $#Book reviewing $#Journaux Cahiers, chroniques, etc. Comptes rendus $#Livres Recension $#Rezension $#Buchbesprechung $#Buchrezension $#Buchkritik $74049712-4 $8Rezension [Ts1] $9085138568 021A $a[Katalin Szende: Trust, Authority, and the Written Word in the Royal Towns of Medieval Hungary] $hHerwig Weigl 028A $BVerfasser $4aut $7113304048 $8Weigl, Herwig$Z1956- [Tp1] $9147705444 031A $d46 $e4 $h767-768 $j2019 039B $aEnthalten in $8--Obvc--. Urban history. - Cambridge : Cambridge Univ. Press, 1974-. - Online-Ressource. - ISSN 1469-8706 $x201900000460004233 $9079278078 039T $aRezension von $8--Aax--Szende, Katalin$Z1965- [Tp3]. Trust, authority, and the written word in the Royal towns of medieval Hungary. - [Turnhout] : Brepols, [2018]. - XX, 416 Seiten. - Illustrationen. - ISBN 2-503-57881-0 $9511838719 045F $a306.094390902 $eDDC23BSB 045F/01 $a306.09 045F/03 $f0902 045F/03 $g439 lok: 51183884 78 exp: 51183884 78 1 #EPN 201B/01 $021-09-23 $t13:11:58.000 201C/01 $021-09-23 201U/01 $0utf8 203@/01 $01243710276 208@/01 $a21-09-23 $be 209A/01 $a/ $f000 $x00 209A/01 $ab*p $x01 220C/01 $apgar 244Z/01 $#Ungarn $#Ungarn $#Ungarische Räterepublik $#Königreich Ungarn $#Die @Länder der ungarischen Krone $#Transleithanien $#Magyarország $#Magyar Köztársaság $#Magyar Tanácsköztársaság $#Government of the Hungarian Republic $#Zemalja Ugarske Krune $#VNR $#Ungern $#Ungarische Republik $#Republik Ungarn $#Ungarische Volksrepublik $#Volksrepublik Ungarn $#Magyar Népköztársaság $#Hungary $#Hungarian Republic $#Hongrie $#Vengerskaja Narodnaja Respublika $#Hungarian People's Republic $#HPR Hungarian People's Republic $#République Populaire Hongroise $#Ungarische VR $#Republic of Hungary $#Vengrija $74078541-5 $8--Tgz--Ungarn $x08 $9085222712 244Z/01 $#Slowakei $#Slowakei $#Slowakische Republik $#Oberungarn $#Slovensko $#Slovenská Republika $#Slovenská SR $#SSR $#Slovakia $#Slovaquie $#Slovak Republic $#République Slovaque $#Slovenská Socialistická Republika $#Slowakische Sozialistische Republik $#Slovak Socialist Republic $#République Socialiste Slovaque $74055297-4 $8--Tg1--Slowakei $x12 $9085153834 247C/01 $82080>Marburg/Lahn, Herder-Institut, Forschungsbibliothek, Bibliographieportal $9336309341
| LEADER | 00000caa a2200000 c 4500 | ||
|---|---|---|---|
| 001 | 511838840 | ||
| 003 | DE-603 | ||
| 005 | 20230921224002.0 | ||
| 007 | cr|||||||||||| | ||
| 008 | 230921s2019 xx |||| o| u00||u|eng c | ||
| 035 | |a (DE-599)HEB511838840 | ||
| 040 | |a DE-603 |b ger |c DE-603 |d DE-603 |e rda | ||
| 041 | |a eng | ||
| 082 | 0 | 4 | |8 1\u |a 306.094390902 |q DE-101 |2 23/BSB |
| 085 | |8 1\u |b 306.09 | ||
| 085 | |8 1\u |z 1 |s 0902 | ||
| 085 | |8 1\u |z 2 |s 439 | ||
| 100 | 1 | |a Weigl, Herwig |d 1956- |e Verfasser |4 aut |0 (DE-603)147705444 |0 (DE-588)113304048 |2 gnd | |
| 245 | 0 | 0 | |a [Katalin Szende: Trust, Authority, and the Written Word in the Royal Towns of Medieval Hungary] |c Herwig Weigl |
| 264 | 0 | |c 2019 | |
| 336 | |a Text |b txt |2 rdacontent | ||
| 337 | |a Computermedien |b c |2 rdamedia | ||
| 338 | |a Online-Ressource |b cr |2 rdacarrier | ||
| 655 | 7 | |a Rezension |2 gnd-content |0 (DE-588)4049712-4 |0 (DE-603)085138568 | |
| 773 | 0 | 8 | |i Enthalten in |t Urban history |d Cambridge : Cambridge Univ. Press, 1974- |h Online-Ressource |x 1469-8706 |g Band 46, Heft 4 (2019), Seite 767-768 |w (DE-603)079278078 |w (DE-600)1481895-4 |
| 787 | 0 | 8 | |i Rezension von |a Szende, Katalin, 1965- |t Trust, authority, and the written word in the Royal towns of medieval Hungary |d [Turnhout] : Brepols, [2018] |h XX, 416 Seiten, Illustrationen |z 2503578810 |z 9782503578811 |w (DE-603)511838719 |
| 856 | |u https://doi.org/10.1017/S0963926819000695 |x Verlag | ||
| 924 | 1 | |9 2080 |a (DE-603)1243710276 |b DE-2080 |c HES |d d |g / | |


